Construction and standardization of reading readiness test for the children of central Gujarat (Record no. 12011)

MARC details
000 -LEADER
fixed length control field 00490nam a2200157Ia 4500
082 ## - DEWEY DECIMAL CLASSIFICATION NUMBER
Classification number TU.0022
100 ## - MAIN ENTRY--AUTHOR NAME
Personal name Umrajwala, V.R.
245 #0 - TITLE STATEMENT
Title Construction and standardization of reading readiness test for the children of central Gujarat
260 ## - PUBLICATION, DISTRIBUTION, ETC. (IMPRINT)
Year of publication 1977
Name of publisher Sardar Patel University
300 ## - PHYSICAL DESCRIPTION
Number of Pages 259p.
650 ## - SUBJECT ADDED ENTRY--TOPICAL TERM
Topical Term SCHOOL CHILDREN - GUJARAT
650 ## - SUBJECT ADDED ENTRY--TOPICAL TERM
Topical Term EDUCATIONAL TESTS AND MEASUREMENTS
650 ## - SUBJECT ADDED ENTRY--TOPICAL TERM
Topical Term READING READINESS - TESTING - GUJARAT
710 ## - ADDED ENTRY--CORPORATE NAME
Corporate name or jurisdiction name as entry element Patel, B.V.
942 ## - ADDED ENTRY ELEMENTS (KOHA)
Koha item type Thesis
Source of classification or shelving scheme Dewey Decimal Classification
Holdings
Withdrawn status Lost status Damaged status Not for loan Home library Current library Date acquired Full call number Accession Number Price effective from Koha item type
        NASSDOC Library NASSDOC Library 08/10/2004 TU.0022 10059 18/04/2019 Thesis